| 000 | 00915nam a22003131 4500 | ||
|---|---|---|---|
| 001 | 23224 | ||
| 003 | BD-RjUL | ||
| 005 | 20211209000915.0 | ||
| 008 | 700415s1968 enkab b 001 0 eng | ||
| 020 | _a0712114068 | ||
| 035 | _a(BD-RjUL)23289 | ||
| 040 |
_aDLC _cDLC _dDLC _dBD-RjUL _beng |
||
| 041 | _aeng | ||
| 082 | 0 | 0 |
_a917 _bHUN 1968 |
| 100 | 1 |
_aHudson, Fred Stansfield. _971585 |
|
| 245 | 1 | 0 |
_aNorth America / _cF. S. Hudson. |
| 250 | _a2nd ed. | ||
| 260 |
_aLondon : _bMacdonald & Evans, _cc1968. |
||
| 300 |
_axx, 460 p. : _bill., maps. ; _c23 cm. |
||
| 350 | _a27/6 | ||
| 490 | 0 | _aNew certificate geography series. Advanced level | |
| 504 | _aBibliography: p. 440-441. and index. | ||
| 651 | 0 |
_aNorth America _xGeography. _971586 |
|
| 651 | 0 |
_aCentral America _xGeography. _971587 |
|
| 651 | 0 |
_aWest Indies _xGeography. _971588 |
|
| 942 |
_2ddc _cBK |
||
| 999 |
_c23224 _d23224 |
||